000 00501 a2200181 4500
005 20260309155013.0
008 260309b |||||||| |||| 00| 0 eng d
020 _a9781509555857
040 _cSDCL
041 _2eng
_aeng
084 _aY15 R4
100 _aMoyal-Sharrock, Danièle
_91131416
245 _aReal Gender :
_bA Cis Defence of Trans Realities
260 _aCambridge :
_bPolity Press,
_c2024.
300 _axv, 269p.
700 _aSandis, Constantine
_9850514
942 _cTEXL
_2CC
999 _c1672536
_d1672536